[Event "TOP 16 Jeunes "]
[Site "Agneaux"]
[Date "2010.05.24"]
[Round "11.6"]
[White "Vigna, Leo"]
[Black "Guerlash, Keigo"]
[Result "1-0"]
[WhiteElo "1655"]
[BlackElo "1631"]
[PlyCount "59"]
[EventDate "2010.05.23"]
[EventType "team-match"]
[EventCountry "FRA"]

1. e4 e5 2. Nf3 Nc6 3. Bb5 a6 4. Ba4 Nf6 5. O-O b5 6. Bb3 Bb7 7. Re1 Bc5 8. c3
d6 9. h3 O-O 10. d3 h6 11. Nbd2 Re8 12. Nf1 Bb6 13. Ng3 Ne7 14. Nh2 Ng6 15. Ng4
Nxg4 16. Qxg4 Qf6 17. Nf5 Rad8 18. Be3 Bxe3 19. fxe3 Rf8 20. h4 Bc8 21. Rf1 Be6
22. Nxh6+ gxh6 23. Rxf6 Bxg4 24. Rxg6+ Kh7 25. Rxg4 c6 26. Rf1 f6 27. Rf3 h5
28. Rgg3 b4 29. Rf5 Kh6 30. Bd1 1-0

[Event "TOP 16 Jeunes "]
[Site "Agneaux"]
[Date "2010.05.24"]
[Round "11.7"]
[White "Mohammed, Fahim"]
[Black "Vigna, Liza"]
[Result "1-0"]
[WhiteElo "1826"]
[BlackElo "1620"]
[PlyCount "67"]
[EventDate "2010.05.23"]
[EventType "team-match"]
[EventCountry "FRA"]

1. d4 d5 2. c4 e6 3. e3 Nf6 4. Nc3 Be7 5. Bd3 O-O 6. Nf3 b6 7. O-O Bb7 8. Re1
c5 9. b3 Nbd7 10. Bb2 Rc8 11. Rc1 Re8 12. cxd5 exd5 13. Bf5 Bd6 14. Nb5 Bb8 15.
dxc5 Rxc5 16. Rxc5 Nxc5 17. Qb1 h6 18. Rd1 a6 19. Nbd4 Nce4 20. Bxe4 Nxe4 21.
Nf5 f6 22. N3h4 Qc7 23. Ng3 Nxg3 24. hxg3 a5 25. Qg6 Re6 26. Nf5 Ba7 27. Nxh6+
Kh8 28. Nf5 b5 29. Rc1 Qd7 30. Rd1 d4 31. Bxd4 Bxd4 32. Rxd4 Qc7 33. Rd8+ Qxd8
34. Qxg7# 1-0

[Event "TOP 16 Jeunes "]
[Site "Agneaux"]
[Date "2010.05.24"]
[Round "11.8"]
[White "Le, Quan Anh"]
[Black "Kieffer, Anatole"]
[Result "1-0"]
[WhiteElo "1390"]
[BlackElo "1800"]
[PlyCount "105"]
[EventDate "2010.05.23"]
[EventType "team-match"]
[EventCountry "FRA"]

1. e4 e5 2. Nf3 Nc6 3. Bb5 a6 4. Ba4 b5 5. Bb3 Nf6 6. O-O Bc5 7. d3 O-O 8. Bg5
Be7 9. c3 d6 10. d4 Nxe4 11. Bxe7 Qxe7 12. Bd5 Bb7 13. Bxe4 exd4 14. Bxc6 Bxc6
15. Nxd4 Bb7 16. Re1 Qg5 17. Nf3 Qg6 18. Re7 Rac8 19. Nbd2 Bd5 20. b3 Be6 21.
Nd4 Qf6 22. Nxe6 fxe6 23. Rd7 Qg6 24. Re7 Qf6 25. Rd7 Qxf2+ 26. Kh1 Qf5 27. Qf3
Qg6 28. Qg3 Qh6 29. Nf3 Rf6 30. Nh4 g6 31. Qh3 Qg5 32. Nf3 Qh5 33. Qxh5 gxh5
34. Ng5 h6 35. Nf3 e5 36. h3 e4 37. Nd4 c5 38. Ne2 Rc6 39. Re7 d5 40. a4 b4 41.
c4 d4 42. Rxe4 Rf2 43. Ng3 Rb2 44. Nxh5 Rxb3 45. Rg4+ Kf8 46. Rf1+ Ke8 47. Nf6+
Kd8 48. Rg8+ Kc7 49. Nd5+ Kd7 50. Rg7+ Ke6 51. Rf6+ Ke5 52. Re7+ Re6 53. Rexe6#
1-0

[Event "TOP 16 Jeunes "]
[Site "Agneaux"]
[Date "2010.05.24"]
[Round "11.8"]
[White "Kieffer, Anatole"]
[Black "Mohammad, Fahim"]
[Result "0-1"]
[WhiteElo "1800"]
[BlackElo "1826"]
[PlyCount "112"]
[EventDate "2010.05.23"]
[EventType "team-match"]
[EventCountry "FRA"]

1. e4 c5 2. Nf3 d6 3. d4 cxd4 4. Nxd4 Nf6 5. Nc3 g6 6. Be3 Bg7 7. Be2 O-O 8. f4
Nc6 9. Qd2 Re8 10. O-O Nxd4 11. Bxd4 b6 12. Bf3 Bb7 13. e5 Bxf3 14. exf6 Bxf6
15. Rxf3 e5 16. fxe5 dxe5 17. Be3 Qxd2 18. Bxd2 Bg7 19. Raf1 f5 20. b3 e4 21.
Rh3 Rad8 22. Be1 Bd4+ 23. Kh1 e3 24. Ne2 Bc5 25. b4 Bf8 26. Bh4 Rd2 27. Re1
Rxc2 28. Nd4 Rd2 29. Nb3 Rd3 30. Bg5 Bxb4 31. Nc1 Rd7 32. Rg1 e2 33. Nxe2 Rxe2
34. Rb3 Bc5 35. Rf1 Rxa2 36. Rbb1 a5 37. Rbe1 Kf7 38. Rd1 Rxd1 39. Rxd1 Ke6 40.
h4 a4 41. Re1+ Kd5 42. Rd1+ Kc4 43. Rc1+ Kb3 44. Bf6 a3 45. Rb1+ Ka4 46. Kh2 b5
47. Rc1 Bd6+ 48. Kh1 b4 49. Rc6 Bg3 50. Rc8 Re2 51. Rc1 a2 52. Kg1 b3 53. Bc3
b2 54. Bxb2 Rxb2 55. Kf1 Rb1 56. Rxb1 axb1=Q+ 0-1

[Event "TOP 16 Jeunes "]
[Site "Agneaux"]
[Date "2010.05.24"]
[Round "11.1"]
[White "Toullec, Renan"]
[Black "Hallope, Arnaud"]
[Result "0-1"]
[WhiteElo "1705"]
[BlackElo "1924"]
[PlyCount "116"]
[EventDate "2010.05.23"]
[EventType "team-match"]
[EventCountry "FRA"]

1. e4 c5 2. d4 cxd4 3. c3 dxc3 4. Nxc3 Nc6 5. Nf3 d6 6. Bc4 e6 7. Bf4 Nf6 8.
Qe2 Be7 9. O-O O-O 10. Rfd1 a6 11. e5 Nh5 12. Be3 b5 13. Bb3 g6 14. exd6 Bf6
15. Ne4 Bg7 16. d7 Bxd7 17. Nc5 Nf6 18. Bg5 Ra7 19. Ne5 Nxe5 20. Qxe5 Qc8 21.
Rac1 Nd5 22. Qe2 Qa8 23. Bxd5 exd5 24. Be3 Re8 25. Qd2 Rc7 26. b3 Bc6 27. Bf4
Rce7 28. Re1 d4 29. Bd6 Rxe1+ 30. Rxe1 Rxe1+ 31. Qxe1 Bxg2 32. Nxa6 Bh1 33. Kf1
Qg2+ 34. Ke2 Qe4+ 35. Kd2 Bh6+ 36. f4 Bxf4+ 37. Bxf4 Qxf4+ 38. Kd3 Bc6 39. Qg1
Be4+ 40. Kxd4 Bb7+ 41. Kc3 Bxa6 42. Qb6 Qe5+ 43. Kb4 Qe6 44. Qd8+ Kg7 45. Qd4+
Qf6 46. Qa7 h5 47. Ka5 g5 48. Qxa6 Qxa6+ 49. Kxa6 g4 50. Kxb5 h4 51. a4 g3 52.
hxg3 hxg3 53. a5 g2 54. a6 g1=Q 55. Kc6 Qa7 56. Kb5 f5 57. b4 f4 58. Ka5 Qc7+
0-1

[Event "TOP 16 Jeunes "]
[Site "Agneaux"]
[Date "2010.05.24"]
[Round "11.2"]
[White "Bapst, Valentin"]
[Black "Jouanneau, Armand"]
[Result "1-0"]
[WhiteElo "1857"]
[BlackElo "1785"]
[PlyCount "97"]
[EventDate "2010.05.23"]
[EventType "team-match"]
[EventCountry "FRA"]

1. e4 e5 2. Nf3 Nc6 3. Bb5 a6 4. Ba4 Nf6 5. O-O Be7 6. Bxc6 dxc6 7. Nc3 Bg4 8.
h3 Bh5 9. d3 Bc5 10. Qe2 Qd6 11. Nd1 Rd8 12. Ne3 Bxe3 13. Bxe3 O-O 14. Kh1 Qe6
15. Rg1 Bxf3 16. Qxf3 b6 17. Rgd1 Rd6 18. Qe2 Rfd8 19. b4 Qd7 20. Rdb1 Ne8 21.
Qh5 Qe6 22. a4 Nf6 23. Qe2 Nd7 24. a5 b5 25. Qg4 Qxg4 26. hxg4 h6 27. Rb3 Rg6
28. f3 Nf8 29. Rc3 Re6 30. Kg1 Ng6 31. Kf2 Nf4 32. g3 Nh3+ 33. Kg2 Ng5 34. Rc5
f6 35. Ra3 Nf7 36. Kf2 g5 37. Rac3 Rdd6 38. Rb3 Nd8 39. Rb1 Re7 40. Rh1 Kg7 41.
Ke2 Ne6 42. Rc3 Kg6 43. Bc5 Nxc5 44. Rxc5 Red7 45. Rd1 Kf7 46. Ke3 Re7 47. f4
Kg6 48. Rf1 Rde6 49. f5+ 1-0

[Event "TOP 16 Jeunes "]
[Site "Agneaux"]
[Date "2010.05.24"]
[Round "11.3"]
[White "Dupouy, Francois"]
[Black "Terrazzoni, Claire"]
[Result "1-0"]
[WhiteElo "1801"]
[BlackElo "1620"]
[PlyCount "83"]
[EventDate "2010.05.23"]
[EventType "team-match"]
[EventCountry "FRA"]

1. e4 c5 2. c3 d5 3. exd5 Qxd5 4. d4 g6 5. Na3 Bg7 6. Nf3 Nh6 7. dxc5 Qxc5 8.
Be3 Qa5 9. Qd2 Nf5 10. Bb5+ Bd7 11. Rd1 Bxb5 12. b4 Qc7 13. Nxb5 Qc8 14. O-O
O-O 15. Bxa7 Bxc3 16. Qxc3 Qxc3 17. Nxc3 Rxa7 18. b5 Rc8 19. Rd3 Ra3 20. Rc1
Nd6 21. Nd4 Ne4 22. Nde2 Nxc3 23. Nxc3 Ra5 24. Rcd1 Kg7 25. g4 Ra3 26. Rc1 Rc4
27. h3 Rc5 28. Rd8 Rcxc3 29. Rxc3 Rxc3 30. Rxb8 Rc7 31. a4 Kf6 32. a5 Ke6 33.
b6 Rd7 34. Kg2 Kd6 35. Rc8 Ke6 36. g5 Rd6 37. Rc7 Rd7 38. a6 bxa6 39. b7 Rd8
40. Rc8 Kd7 41. Rxd8+ Kxd8 42. b8=Q+ 1-0

[Event "TOP 16 Jeunes "]
[Site "Agneaux"]
[Date "2010.05.24"]
[Round "11.4"]
[White "Eugene, Floryan"]
[Black "Wassen, Antoine"]
[Result "1-0"]
[WhiteElo "1690"]
[BlackElo "1679"]
[PlyCount "115"]
[EventDate "2010.05.23"]
[EventType "team-match"]
[EventCountry "FRA"]

1. e4 e5 2. Nf3 Nc6 3. Bc4 Bc5 4. c3 Nf6 5. d3 d6 6. O-O Bg4 7. Re1 h6 8. Be3
Bxe3 9. Rxe3 O-O 10. Nbd2 Qd7 11. Nf1 Rad8 12. h3 Bh5 13. Ng3 Bg6 14. Nh4 Kh8
15. Nhf5 d5 16. Bb3 dxe4 17. dxe4 Qxd1+ 18. Rxd1 Rxd1+ 19. Bxd1 Rd8 20. Bf3 Rd2
21. Re2 Rxe2 22. Bxe2 Nxe4 23. Bf3 Bxf5 24. Nxf5 Nd6 25. Bxc6 bxc6 26. Ne7 c5
27. Nd5 Ne8 28. Kf1 g6 29. Ke2 c4 30. Nb4 f6 31. Ke3 Kg7 32. Ke4 Kf7 33. Kd5
Nd6 34. Na6 Ke7 35. Nxc7 e4 36. Ne6 f5 37. Nf4 g5 38. Ng6+ Kf6 39. Ne5 Nc8 40.
Nxc4 Nb6+ 41. Nxb6 axb6 42. Kd4 h5 43. b4 b5 44. c4 bxc4 45. b5 Ke6 46. b6 Kd6
47. Kxc4 Kc6 48. Kd4 h4 49. Ke5 g4 50. Kf4 gxh3 51. gxh3 Kxb6 52. Kxf5 Kc5 53.
Kxe4 Kd6 54. f4 Ke6 55. a4 Kd6 56. f5 Kc5 57. Ke5 Kc6 58. Ke6 1-0

[Event "TOP 16 Jeunes "]
[Site "Agneaux"]
[Date "2010.05.24"]
[Round "11.1"]
[White "Romero, Vladimir"]
[Black "Peyre, Thomas"]
[Result "0-1"]
[WhiteElo "1867"]
[BlackElo "2061"]
[PlyCount "108"]
[EventDate "2010.05.23"]
[EventType "team-match"]
[EventCountry "FRA"]

1. e4 c5 2. Nf3 d6 3. d4 cxd4 4. Nxd4 Nf6 5. Nc3 a6 6. Bc4 e6 7. Bb3 Be7 8. O-O
Nc6 9. Be3 O-O 10. f4 Qc7 11. Qf3 Na5 12. Qg3 Nxb3 13. axb3 Bd7 14. Rae1 b5 15.
e5 Ne8 16. Ne4 Bc6 17. Ng5 Bd5 18. Bf2 Qd7 19. h4 h6 20. Ngf3 Rc8 21. c3 f5 22.
exd6 Bxd6 23. Ne5 Bxe5 24. Rxe5 Nf6 25. Rfe1 Ne4 26. Qd3 Rf6 27. h5 Qf7 28. Qh3
Kh7 29. Be3 Rg8 30. Nf3 g6 31. hxg6+ Qxg6 32. Bd4 Kg7 33. Nh4 Qf7 34. Nxf5+
exf5 35. Rxd5 Qxd5 36. Bxf6+ Kxf6 37. Qxh6+ Rg6 38. Qf8+ Qf7 39. Qh8+ Rg7 40.
Qh4+ Ke6 41. Qd8 Qa7+ 42. Qd4 Qxd4+ 43. cxd4 Kd5 44. Ra1 Rg6 45. Rd1 Rg3 46.
Ra1 Rxb3 47. Rxa6 Rxb2 48. Ra8 Kxd4 49. Rf8 b4 50. Rxf5 Rb1+ 51. Kh2 Rh1+ 52.
Kxh1 Ng3+ 53. Kg1 Nxf5 54. g4 b3 0-1

[Event "TOP 16 Jeunes "]
[Site "Agneaux"]
[Date "2010.05.24"]
[Round "11.2"]
[White "Deslias, Gregoire"]
[Black "Clement, Alexandre"]
[Result "1-0"]
[WhiteElo "1961"]
[BlackElo "1862"]
[PlyCount "75"]
[EventDate "2010.05.23"]
[EventType "team-match"]
[EventCountry "FRA"]

1. d4 d5 2. c4 c6 3. cxd5 cxd5 4. Nf3 Nf6 5. Nc3 Nc6 6. Bf4 Bf5 7. e3 e6 8. Qb3
Bb4 9. Bb5 Qa5 10. O-O O-O 11. Rfc1 Rfc8 12. a3 Be7 13. h3 h6 14. Na4 Nd7 15.
Rc3 Nb6 16. Rac1 Nxa4 17. Bxa4 e5 18. Nxe5 Nxe5 19. Bxe5 Rxc3 20. Rxc3 Rc8 21.
Rxc8+ Bxc8 22. Qc2 Be6 23. b4 Qa6 24. Qc7 Qxa4 25. Qxe7 Qxa3 26. Qxb7 a6 27.
Qb8+ Kh7 28. Qf8 f6 29. Bxf6 gxf6 30. Qe7+ Kg6 31. Qxe6 Qxb4 32. Qxa6 Qe1+ 33.
Qf1 Qd2 34. g3 h5 35. Qb1+ Kg5 36. Qh7 Qe2 37. Kg2 Qd2 38. h4+ 1-0

[Event "TOP 16 Jeunes "]
[Site "Agneaux"]
[Date "2010.05.24"]
[Round "11.3"]
[White "Quinqueneau, Dylan"]
[Black "Le Bastard, Ronan"]
[Result "1-0"]
[WhiteElo "1650"]
[BlackElo "1574"]
[PlyCount "67"]
[EventDate "2010.05.23"]
[EventType "team-match"]
[EventCountry "FRA"]

1. e4 c5 2. c3 Nc6 3. d4 cxd4 4. cxd4 g6 5. Nf3 Bg7 6. Be3 Nf6 7. Nc3 d6 8. h3
O-O 9. Bc4 Bd7 10. O-O Rc8 11. Qe2 Qc7 12. Nd5 Nxd5 13. Bxd5 Qb6 14. Rfd1 Nb4
15. Bc4 Qc6 16. Rac1 Qa4 17. a3 Nc6 18. Bb5 Qa5 19. Qd3 a6 20. Bc4 b5 21. Ba2
Qd8 22. b4 Kh8 23. Ng5 e6 24. f4 Bf6 25. d5 exd5 26. Qxd5 Bxg5 27. Qxd6 Bf6 28.
Qxd7 Qxd7 29. Rxd7 Bb2 30. Rc2 Bxa3 31. Bxf7 Bxb4 32. Bd5 Ne7 33. Bd4+ Rf6 34.
Bxf6# 1-0

[Event "TOP 16 Jeunes "]
[Site "Agneaux"]
[Date "2010.05.24"]
[Round "11.4"]
[White "Purenne, Benoit"]
[Black "Bellaiche, Elise"]
[Result "1-0"]
[WhiteElo "1880"]
[BlackElo "1865"]
[PlyCount "121"]
[EventDate "2010.05.23"]
[EventType "team-match"]
[EventCountry "FRA"]

1. e4 e6 2. d4 d5 3. Nc3 Nf6 4. Bg5 Be7 5. e5 Nfd7 6. h4 Bxg5 7. hxg5 Qxg5 8.
Nf3 Qe7 9. Bd3 g6 10. Qd2 Nc6 11. O-O-O Nb6 12. Ng5 h6 13. Qf4 Bd7 14. Rh3
O-O-O 15. Nf3 g5 16. Qg3 Rdg8 17. Rh5 g4 18. Nh2 Rg5 19. Rxg5 Qxg5+ 20. f4
gxf3+ 21. Qxg5 hxg5 22. Nxf3 Rh5 23. g4 Rh8 24. Be2 Rg8 25. Rh1 Be8 26. Rh6 a6
27. Bd3 Nd7 28. Ne2 Kd8 29. Ng3 Nf8 30. Nh5 Nb4 31. Bf1 Ng6 32. c3 Nc6 33. Bd3
Rh8 34. Rxh8 Nxh8 35. Nxg5 Ne7 36. Nf4 Ng8 37. Nh7 Ke7 38. Nh5 Bb5 39. Kd2 Bxd3
40. Kxd3 Ng6 41. Ke3 Nf8 42. Nxf8 Kxf8 43. Kf4 Ne7 44. Kg5 b6 45. Nf6 Nc6 46.
Nh7+ Kg7 47. Nf6 Kf8 48. Kh6 Na5 49. b3 Nc6 50. Kh7 b5 51. b4 Ke7 52. Kg7 Nb8
53. Ng8+ Ke8 54. g5 Nc6 55. Nh6 Nd8 56. Kg8 Ke7 57. Nxf7 Nxf7 58. g6 Ng5 59. g7
Nf7 60. Kh7 Ng5+ 61. Kg6 1-0

[Event "TOP 16 Jeunes "]
[Site "Agneaux"]
[Date "2010.05.24"]
[Round "11.5"]
[White "Ek, Alexandre"]
[Black "Le Bihan, Alison"]
[Result "1-0"]
[WhiteElo "1844"]
[BlackElo "1540"]
[PlyCount "69"]
[EventDate "2010.05.23"]
[EventType "team-match"]
[EventCountry "FRA"]

1. e4 c5 2. c3 g6 3. d4 cxd4 4. cxd4 d5 5. exd5 Nf6 6. Nc3 Nxd5 7. Bc4 Nb6 8.
Bb3 Nc6 9. Nf3 Bg7 10. Be3 Bg4 11. Bxf7+ Kf8 12. Bb3 Nxd4 13. Bxd4 Bxd4 14.
Qxd4 Qxd4 15. Nxd4 Kg7 16. h3 e5 17. Nde2 Bxe2 18. Kxe2 Rad8 19. Rhd1 Rd7 20.
Rxd7+ Nxd7 21. Rd1 Nb6 22. Nd5 Nd7 23. Ne3 Nb6 24. Nc4 Nxc4 25. Bxc4 Rc8 26.
Rd7+ Kh8 27. Bb3 Rb8 28. Ke3 a6 29. Ke4 b5 30. Kxe5 a5 31. Kf6 a4 32. Be6 Rf8+
33. Kg5 Rxf2 34. Rd8+ Kg7 35. Rg8# 1-0

[Event "TOP 16 Jeunes "]
[Site "Agneaux"]
[Date "2010.05.24"]
[Round "11.6"]
[White "Ginovart, Axel"]
[Black "Le Menelec, Erwan Son"]
[Result "1/2-1/2"]
[WhiteElo "1748"]
[BlackElo "1697"]
[PlyCount "100"]
[EventDate "2010.05.23"]
[EventType "team-match"]
[EventCountry "FRA"]

1. e4 e5 2. Nf3 Nf6 3. Nc3 Nc6 4. Bb5 Bb4 5. O-O O-O 6. a3 Ba5 7. b4 Bb6 8. d3
Nd4 9. Bb2 Nxb5 10. Nxb5 d6 11. Nc3 Re8 12. Na4 Bd7 13. Nxb6 axb6 14. Nd2 Ba4
15. f4 Qd7 16. h3 Qc6 17. Rc1 Re7 18. fxe5 dxe5 19. Nc4 Rae8 20. Qf3 Bb5 21.
Ne3 Kh8 22. Qg3 Nh5 23. Qg4 Qg6 24. Qxg6 hxg6 25. Nd5 Rd7 26. g4 Nf6 27. Nxf6
gxf6 28. Rxf6 Rde7 29. Rcf1 Kg7 30. c4 Ba4 31. R6f3 Rf8 32. g5 Be8 33. d4 Rh8
34. d5 Rh5 35. Bc1 Bd7 36. Kg2 Rh4 37. Re1 Re8 38. Ree3 Rh5 39. Re1 Reh8 40.
Rh1 Rh4 41. Re3 R8h5 42. Kg3 Rxh3+ 43. Rxh3 Rxh3+ 44. Kf2 Rh2+ 45. Ke1 Rc2 46.
Kd1 Ba4 47. Re2 Rxc4+ 48. Kd2 Rc2+ 49. Kd1 Rc3+ 50. Kd2 Rg3 1/2-1/2

[Event "TOP 16 Jeunes "]
[Site "Agneaux"]
[Date "2010.05.24"]
[Round "11.1"]
[White "Domenech, Vianney"]
[Black "Ozenne, Corentin"]
[Result "1-0"]
[WhiteElo "2055"]
[BlackElo "2056"]
[PlyCount "67"]
[EventDate "2010.05.23"]
[EventType "team-match"]
[EventCountry "FRA"]

1. d4 d6 2. Bf4 g6 3. e3 Bg7 4. Nf3 Nd7 5. Bc4 Ngf6 6. Bxf7+ Kxf7 7. Ng5+ Kg8
8. Ne6 Qe8 9. Nxc7 Qd8 10. Nxa8 Nf8 11. c4 Be6 12. Qe2 Qxa8 13. Nc3 N8d7 14.
O-O Nh5 15. Bg5 Qd8 16. d5 Bf7 17. e4 h6 18. Be3 g5 19. g3 Qc8 20. f4 gxf4 21.
gxf4 Nhf6 22. Kh1 Bh5 23. Qd3 Nc5 24. Bxc5 Qxc5 25. e5 Ng4 26. Qf5 Ne3 27. Qxh5
Nxf1 28. Rxf1 Qxc4 29. Qh3 b5 30. exd6 Bxc3 31. Qe6+ Kh7 32. Qf5+ Kg8 33. Rg1+
Bg7 34. Qe6+ 1-0

[Event "TOP 16 Jeunes "]
[Site "Agneaux"]
[Date "2010.05.24"]
[Round "11.2"]
[White "Varin, Valentin"]
[Black "Thinon, Lucas"]
[Result "0-1"]
[WhiteElo "1780"]
[BlackElo "1740"]
[PlyCount "99"]
[EventDate "2010.05.23"]
[EventType "team-match"]
[EventCountry "FRA"]

1. f4 d5 2. Nf3 Bf5 3. g3 e6 4. Bg2 Bd6 5. O-O Nf6 6. c3 Nbd7 7. d3 h5 8. Qe1
c6 9. b4 a5 10. bxa5 Qxa5 11. Kh1 O-O 12. Nd4 Nc5 13. Qd1 Qb6 14. Qc2 Ra4 15.
h3 Rfa8 16. Re1 Bg6 17. Kh2 e5 18. fxe5 Bxe5 19. Nf3 Bd6 20. Nfd2 Qc7 21. Rf1
Bxg3+ 22. Kh1 Ne6 23. Nf3 h4 24. a3 Nh5 25. Ra2 Bf4 26. Kg1 Ng3 27. Rf2 Bxc1
28. Qxc1 Nf4 29. Nxh4 Nfxe2+ 30. Rfxe2 Nxe2+ 31. Rxe2 Rxh4 32. Qe3 Qf4 33. Qxf4
Rxf4 34. Re3 Ra6 35. Bf1 Rb6 36. Nd2 Rb2 37. Nf3 f6 38. Bg2 Ra2 39. Kh2 Rxa3
40. Kg3 Rfa4 41. d4 Be4 42. Nh4 Bxg2 43. Kxg2 Rxd4 44. Re8+ Kf7 45. Rc8 Rd2+
46. Kf3 Rxc3+ 47. Kg4 Rd4+ 48. Kh5 g6+ 49. Nxg6 Rxh3+ 50. Nh4 0-1

[Event "TOP 16 Jeunes "]
[Site "Agneaux"]
[Date "2010.05.24"]
[Round "11.3"]
[White "Allamel, Benjamin"]
[Black "Navrotescu, Andreea Cristiana"]
[Result "0-1"]
[WhiteElo "1600"]
[BlackElo "1927"]
[PlyCount "118"]
[EventDate "2010.05.23"]
[EventType "team-match"]
[EventCountry "FRA"]

1. c4 Nf6 2. Nc3 e6 3. e4 d5 4. e5 d4 5. exf6 dxc3 6. bxc3 Qxf6 7. d4 e5 8. Nf3
exd4 9. cxd4 Bb4+ 10. Bd2 Bxd2+ 11. Qxd2 O-O 12. Be2 c5 13. O-O cxd4 14. Qxd4
Qe7 15. Rfe1 Nc6 16. Qc3 Qc5 17. Rab1 a6 18. a4 Rb8 19. Qb3 Be6 20. Qb6 Qe7 21.
c5 Rfc8 22. a5 Qf6 23. Rec1 h6 24. h3 Ne7 25. Bc4 Nc6 26. Bb3 Bxh3 27. Ba4 Bf5
28. Rb3 Be6 29. Rd3 Qf4 30. Ra1 Qc4 31. Rdd1 Ne7 32. Rdc1 Qf4 33. Qd6 Ng6 34.
Nd4 Rd8 35. Nxe6 Qxd6 36. cxd6 fxe6 37. d7 Kf7 38. Ra2 Nf8 39. Rd2 b5 40. axb6
Rxb6 41. Rc8 Ke7 42. Bc6 a5 43. Ba4 Rb7 44. Bc6 Ra7 45. Rd4 Nxd7 46. Rxd8 Kxd8
47. Bxd7 Rxd7 48. Ra4 Rd5 49. Rg4 Rg5 50. Ra4 Kc7 51. f4 Rc5 52. g4 Kb6 53. Re4
Rc6 54. Re5 a4 55. Kg2 a3 56. Kh3 a2 57. Re1 Rc3+ 58. Kh4 Ra3 59. Ra1 g6 0-1

[Event "TOP 16 Jeunes "]
[Site "Agneaux"]
[Date "2010.05.24"]
[Round "11.4"]
[White "Niepceron, Luc"]
[Black "Chardon, Xavier"]
[Result "1-0"]
[WhiteElo "1628"]
[BlackElo "1658"]
[PlyCount "85"]
[EventDate "2010.05.23"]
[EventType "team-match"]
[EventCountry "FRA"]

1. e4 c6 2. d4 d5 3. exd5 cxd5 4. c4 Nc6 5. Nf3 Bg4 6. Be3 Nf6 7. Nc3 e6 8. a3
Rc8 9. Be2 a6 10. cxd5 exd5 11. Bg5 Be7 12. O-O h6 13. Bf4 O-O 14. Re1 Qb6 15.
b4 Nxd4 16. Nxd4 Rxc3 17. Bxg4 Rc4 18. Be3 Nxg4 19. Qxg4 Bf6 20. Red1 h5 21.
Qf4 Re8 22. Rac1 g5 23. Nf3 Qe6 24. Nxg5 Rxc1 25. Rxc1 Qe7 26. h4 Bb2 27. Bc5
Qe1+ 28. Rxe1 Rxe1+ 29. Kh2 Be5 30. Qg3 Bxg3+ 31. Kxg3 Rd1 32. Nf3 Ra1 33. b5
axb5 34. Nd4 Rc1 35. Bb4 Rc4 36. Nxb5 d4 37. Kf3 d3 38. g3 Rc2 39. Ke3 Kg7 40.
f3 Rg2 41. Nd6 b6 42. Kxd3 Rxg3 43. Nf5+ 1-0

[Event "TOP 16 Jeunes "]
[Site "Agneaux"]
[Date "2010.05.24"]
[Round "11.5"]
[White "Arnaud Audiffren, Alexandre"]
[Black "Auvray, Honorine"]
[Result "0-1"]
[WhiteElo "1546"]
[BlackElo "1709"]
[PlyCount "38"]
[EventDate "2010.05.23"]
[EventType "team-match"]
[EventCountry "FRA"]

1. d4 Nf6 2. Bf4 g6 3. e3 Bg7 4. Nd2 O-O 5. Ngf3 d5 6. Be2 b6 7. c3 c5 8. O-O
Bb7 9. a4 a6 10. c4 dxc4 11. Nxc4 Nd5 12. Bg3 cxd4 13. Nxd4 Nd7 14. Bf3 Rc8 15.
Rc1 Ba8 16. Qd2 Nc5 17. b4 Nxa4 18. Bxd5 Qxd5 19. Nf3 Rxc4 0-1

[Event "2eme Open Tarn Nord"]
[Site "Blaye les Mines"]
[Date "2006.??.??"]
[Round "1.5"]
[White "De Baralle, Michel"]
[Black "Lefevre, Gerard"]
[Result "0-1"]
[WhiteElo "1630"]
[BlackElo "1920"]
[PlyCount "42"]
[EventDate "2006.??.??"]
[EventType "swiss"]
[EventRounds "7"]
[EventCountry "FRA"]

1. d4 c5 2. d5 Nf6 3. c4 g6 4. Nc3 Bg7 5. e4 d6 6. Be2 O-O 7. Nf3 Nbd7 8. O-O
Ng4 9. h3 Nge5 10. Nxe5 Nxe5 11. f4 Nd7 12. Be3 a6 13. a4 a5 14. Qd2 Nb8 15. e5
Na6 16. exd6 exd6 17. Ne4 Re8 18. Ng5 Rxe3 19. Nf3 Rb3 20. Rab1 Bf5 21. Bd3
Rxd3 0-1

[Event "2eme Open Tarn Nord"]
[Site "Blaye les Mines"]
[Date "2006.??.??"]
[Round "2.1"]
[White "Forestie, Pierre"]
[Black "Schegerin, Andre"]
[Result "1-0"]
[WhiteElo "2020"]
[BlackElo "1880"]
[PlyCount "61"]
[EventDate "2006.??.??"]
[EventType "swiss"]
[EventRounds "7"]
[EventCountry "FRA"]

1. e4 e5 2. Nf3 Nc6 3. Bc4 Bc5 4. Nc3 d6 5. d3 Bg4 6. h3 Bh5 7. Be3 Bd4 8. Bxd4
Nxd4 9. g4 Nxf3+ 10. Qxf3 Bg6 11. h4 h5 12. g5 Qd7 13. Rg1 O-O-O 14. O-O-O c5
15. Bb5 Qc7 16. Nd5 Qa5 17. Bc4 b5 18. Bb3 Rd7 19. Qh3 Kd8 20. f4 exf4 21. Nxf4
Ne7 22. Kb1 Qc7 23. Be6 Ke8 24. Bxd7+ Qxd7 25. Qf3 Nc6 26. Nd5 Ne5 27. Qf2 Ng4
28. Qf4 Ne5 29. c3 Rf8 30. Ka1 f5 31. gxf6 1-0

[Event "2eme Open Tarn Nord"]
[Site "Blaye les Mines"]
[Date "2006.??.??"]
[Round "2.4"]
[White "Devecchi, Jorge"]
[Black "Pierre, Timothee"]
[Result "1-0"]
[WhiteElo "1750"]
[BlackElo "1937"]
[PlyCount "42"]
[EventDate "2006.??.??"]
[EventType "swiss"]
[EventRounds "7"]
[EventCountry "FRA"]

1. e4 e5 2. Nf3 Nc6 3. d4 exd4 4. Bc4 Bc5 5. O-O Nge7 6. Ng5 Ne5 7. Bb3 h6 8.
f4 hxg5 9. fxe5 d5 10. Bxg5 Be6 11. Qd3 c6 12. Nd2 Qd7 13. Bxe7 Kxe7 14. Rf2
Rh5 15. exd5 Bxd5 16. Bxd5 Qxd5 17. Ne4 Rxe5 18. Nxc5 Qxc5 19. Raf1 Rf8 20. Qb3
f6 21. Qxb7+ Kd6 1-0

[Event "2eme Open Tarn Nord"]
[Site "Blaye les Mines"]
[Date "2006.??.??"]
[Round "3.1"]
[White "Arlabosse, Nicolas"]
[Black "Forestie, Pierre"]
[Result "0-1"]
[WhiteElo "1884"]
[BlackElo "2020"]
[PlyCount "48"]
[EventDate "2006.??.??"]
[EventType "swiss"]
[EventRounds "7"]
[EventCountry "FRA"]

1. e4 e5 2. Bc4 Nf6 3. d3 Nc6 4. Bg5 h6 5. Bh4 Bc5 6. Nf3 d6 7. Nc3 g5 8. Nxg5
hxg5 9. Bxg5 Rg8 10. h4 Bg4 11. Qd2 Be6 12. f4 Nb8 13. Bxe6 fxe6 14. f5 exf5
15. Nd5 Nbd7 16. Rf1 f4 17. g3 Rxg5 18. Nxf6+ Qxf6 19. hxg5 Qxg5 20. gxf4 Qg3+
21. Ke2 O-O-O 22. fxe5 Nxe5 23. Qf4 Qg2+ 24. Kd1 Be3 0-1

[Event "2eme Open Tarn Nord"]
[Site "Blaye les Mines"]
[Date "2006.??.??"]
[Round "4.2"]
[White "Saunders, Mark A"]
[Black "De Biasi, Robert"]
[Result "1-0"]
[WhiteElo "1860"]
[BlackElo "1844"]
[PlyCount "89"]
[EventDate "2006.??.??"]
[EventType "swiss"]
[EventRounds "7"]
[EventCountry "FRA"]

1. e4 c5 2. d4 cxd4 3. c3 d6 4. cxd4 Nc6 5. Bc4 e6 6. Nf3 Nf6 7. Qe2 Be7 8. O-O
O-O 9. Rd1 d5 10. exd5 exd5 11. Bd3 Nb4 12. Nc3 Nxd3 13. Qxd3 h6 14. Bf4 Nh5
15. Bd2 Be6 16. Re1 a6 17. Qe2 Re8 18. h3 Bd6 19. Ne5 Nf6 20. Qf3 Bxe5 21. Rxe5
Nh7 22. Nxd5 Qd6 23. Rae1 Rad8 24. Bb4 Qd7 25. Bc5 Bxd5 26. Rxe8+ Rxe8 27.
Rxe8+ Qxe8 28. Qxd5 b5 29. Qe5 Qxe5 30. dxe5 Nf8 31. Bxf8 Kxf8 32. f4 Ke7 33.
Kf2 Ke6 34. Ke3 Kd5 35. g4 g6 36. h4 a5 37. g5 h5 38. Kd3 b4 39. b3 Kc5 40. Ke4
Kb5 41. f5 gxf5+ 42. Kxf5 Kc5 43. g6 fxg6+ 44. Kxg6 Kd5 45. Kf6 1-0

[Event "FRA Ch T W Top12 Fiducial"]
[Site "Chalons en Champagne"]
[Date "2010.02.07"]
[Round "1"]
[White "Gaponenko, Inna"]
[Black "Peng, Zhaoqin"]
[Result "1/2-1/2"]
[WhiteElo "2457"]
[BlackElo "2408"]
[PlyCount "33"]
[EventDate "2010.??.??"]
[EventType "team-match"]
[EventCountry "FRA"]

1. e4 e6 2. d4 d5 3. exd5 exd5 4. Nf3 Bd6 5. c4 Nf6 6. Nc3 O-O 7. cxd5 Nbd7 8.
Be2 h6 9. O-O Nb6 10. Ne5 Nfxd5 11. Nxd5 Nxd5 12. Bc4 Nb6 13. Bb3 Qf6 14. Re1
Be6 15. Bc2 Bf5 16. Bb3 Rfe8 17. f4 1/2-1/2